000 01142nac a22003251i 4500
003 EG-ScBUE
005 20241002095115.0
008 241002t1993 njua f 001 0 eng d
020 _a0135642876
020 _a9780135643457
040 _aEG-ScBUE
_beng
_erda
_cEG-ScBUE
_dEG-ScBUE
082 0 4 _a515
_bARY
_222
100 1 _aArya, Jagdish C.,
_eauthor.
245 1 0 _aMathematical analysis :
_bfor business, economics, and the life and social sciences /
_cJagdish C. Arya, Robin W. Lardner, Department of Mathematics, Simon Fraser University.
250 _aFourth edition.
250 _aInternational edition.
264 1 _aEnglewood Cliffs, N.J. :
_bPrentice Hall,
_c[1993]
264 4 _cc1993
300 _axvi, 859 pages :
_billustrations ;
_c25 cm
336 _2rdacontent
_atext
_btxt
337 _aunmediated
_2rdamedia
_bn
338 _avolume
_bnc
_2rdacarrier
500 _aIncludes index.
650 7 _aMathematical analysis.
_2BUEsh
650 7 _aBusiness mathematics.
_2BUEsh
650 7 _aEconomics, Mathematical.
_2BUEsh
655 _vReading book
700 1 _aLardner, Robin W.,
_eauthor.
942 _cBB
_2ddc
999 _c4552
_d4552